000 01733nam a22001577a 4500
041 _aukr
080 _a09
090 _bСАВ
100 _aСавчук Т. В.
245 _aКомп’ютерні технології в навчанні іноземної мови
260 _aОстрог
_bКАФ
_c2012
300 _a79
520 _aРОЗДІЛ 1. КОМП’ЮТЕРНІ ТЕХНОЛОГІЇ В СФЕРІ ОСВІТИ. 1.1. Новітні комп’ютерні технології в навчанні іноземної мови. 1.2. Роль комп’ютерних технологій у підвищенні мотивації навчання іноземних мов. РОЗДІЛ 2. ТЕОРЕТИЧНІ ОСНОВИ ВИКОРИСТАННЯ НОВИХ КОМП’ЮТЕРНИХ ТЕХНОЛОГІЙ НА УРОКАХ ІНОЗЕМНОЇ МОВИ. 2.1. Сучасні підходи використання комп’ютерних технологій при навчанні іноземної мови. 2.2. Програмний метод навчання з використанням комп’ютера. РОЗДІЛ 3. ДОСЛІДНА РОБОТА. 3.1. Діагностика вихідного рівня ефективності (констатуючий експеримент). 3.2. Застосування комп’ютерних технлогій у навчальному процесі (формуючий експеримент). 3.3. Виявлення результатів і їхня інтерпритація. (Підсумковий експеримент)
_0методика, комп’ютерні технології
650 _aResearch Papers
999 _c284894
_d284894
942 _cBK